000 00759aam a2200289 4500
005 20250820160112.0
008 150527b2002 xxu||||| |||| 00| 0 spa d
020 _a9507273913
041 _aESP
082 _a362.829.2 V795v
245 _aViolencia familiar
260 _aArgentina
260 _bRubinzal Culzoni
260 _c2002
300 _a325 páginas
490 _aInvestigación Criminal
650 _aVIOLENCIA FAMILIAR
650 _aABUSO SEXUAL
650 _aMALTRATO INFANTIL
650 _aMALTRATO AL ANCIANO
650 _aVIOLENCIA DOMEÉSTICA
650 _aMALTRATO DE MUJERES
650 _aPERSONAS CON DISCAPACIDAD
650 _aADOPCIÓN Y VIOLENCIA
650 _aMEDIACIÓN EN VIOLENCIA FAMILIAR
942 _cBK
_2ddc
999 _c6049
_d6049